Waking business up (Record no. 69817)

MARC details
000 -LEADER
fixed length control field 00983cam a2200217 4500
001 - CONTROL NUMBER
control field WB3811-06
008 - FIXED-LENGTH DATA ELEMENTS--GENERAL INFORMATION
fixed length control field 020320n2002 000 0 eng u
035 ## - SYSTEM CONTROL NUMBER
System control number (Sirsi) u117184
245 ## - TITLE STATEMENT
Title Waking business up
260 ## - PUBLICATION, DISTRIBUTION, ETC.
Date of publication, distribution, etc. 2002
490 ## - SERIES STATEMENT
Series statement RICS Press Release
Volume/sequential designation (pr037) 19 March 2002, (2)
520 ## - SUMMARY, ETC.
Summary, etc. RICS had developed a web-based tool to help small and medium sized businesses manage their property strategy. "Property solutions" covers issues such as taking a lease, service charges, tax allowances, business rates, property insurance, valuations, surveys and maintenance, planning permissions and keeping records. The guide is available on the RICS website. http://www.rics.org/ricscms/bin/show?class=PressRelease&template=/includes/showpr.html&id=699
590 ## - LOCAL NOTE (RLIN)
Local note WB
650 ## - SUBJECT ADDED ENTRY--TOPICAL TERM
Topical term or geographic name entry element PROPERTY SOLUTIONS
650 ## - SUBJECT ADDED ENTRY--TOPICAL TERM
Topical term or geographic name entry element PROPERTY ISSUES
650 ## - SUBJECT ADDED ENTRY--TOPICAL TERM
Topical term or geographic name entry element PROPERTY STRATEGY
650 ## - SUBJECT ADDED ENTRY--TOPICAL TERM
Topical term or geographic name entry element RICS
650 ## - SUBJECT ADDED ENTRY--TOPICAL TERM
Topical term or geographic name entry element SMES
690 ## - LOCAL SUBJECT ADDED ENTRY--TOPICAL TERM (OCLC, RLIN)
Topical term or geographic name as entry element MANAGEMENT-BUSINESS MANAGEMENT
942 ## - ADDED ENTRY ELEMENTS (KOHA)
Suppress in OPAC 0
Holdings
Withdrawn status Lost status Source of classification or shelving scheme Damaged status Not for loan Home library Current library Shelving location Date acquired Total Checkouts Full call number Barcode Date last seen Copy number Price effective from Koha item type
    Dewey Decimal Classification     London London News article 20/03/2002   WB3811-06 117184-1001 06/08/2019 1 06/08/2019 News article